000
00220nam a22000857a 4500
008
170616b xxu||||| |||| 00| 0 eng d
100
_9
3470
_a
Singh. A. I
245
_a
The partition of India
260
_a
New Delhi
_b
N. B. T
_c
2007
999
_c
6844
_d
6844